00431pab a2200145 454500008004000000100001900040245007100059260000900130300001400139362000800153650003700161650002100198700002100219773004500240180718b2009 xxu||||| |||| 00| 0 eng d aFolz, David H. aProfessional management and service levels in small US communities c2009 ap.553-69. aSep aLocal government - United States aLocal government aAbdelrazek, Reem aAmerican Review of Public Administration